North Carolina Hurricane Trivia - Statistics

General Stats
  • This quiz has been taken 15 times
  • The average score is 3 of 9
Answer Stats
Hint Answer % Correct
2018 Florence
79%
1996 Fran
57%
1954 Hazel
57%
1960 Donna
21%
1955 Connie
14%
1993 Emily
14%
1984 Diana
7%
1958 Helene
7%
1955 Ione
7%
No matching quizzes found
Score Distribution
Percent of People with Each Score
Percentile by Number Answered
Your Score History
You have not taken this quiz